Principles of nano-optics / (Record no. 18888)
[ view plain ]
| 000 -LEADER | |
|---|---|
| fixed length control field | 03590cam a2200385 i 4500 |
| 001 - CONTROL NUMBER | |
| control field | 17153005 |
| 003 - CONTROL NUMBER IDENTIFIER | |
| control field | EG-ScBUE |
| 005 - DATE AND TIME OF LATEST TRANSACTION | |
| control field | 20250612132643.0 |
| 008 - FIXED-LENGTH DATA ELEMENTS--GENERAL INFORMATION | |
| fixed length control field | 120207r20142012enka f b 001 0 eng d |
| 020 ## - INTERNATIONAL STANDARD BOOK NUMBER | |
| International Standard Book Number | 9781107005464 (hardback) |
| 040 ## - CATALOGING SOURCE | |
| Original cataloging agency | DLC |
| Language of cataloging | eng |
| Description conventions | rda |
| Transcribing agency | DLC |
| Modifying agency | DLC |
| -- | EG-ScBUE |
| 082 00 - DEWEY DECIMAL CLASSIFICATION NUMBER | |
| Classification number | 535.15 |
| Edition number | 22 |
| Item number | NOV |
| 100 1# - MAIN ENTRY--PERSONAL NAME | |
| Personal name | Novotny, Lukas, |
| Relator term | author. |
| 9 (RLIN) | 37189 |
| 245 10 - TITLE STATEMENT | |
| Title | Principles of nano-optics / |
| Statement of responsibility, etc | Lukas Novotny, University of Rochester, New York, Bert Hecht, Universitat Wurzburg. |
| 250 ## - EDITION STATEMENT | |
| Edition statement | Second edition. |
| 250 ## - EDITION STATEMENT | |
| Edition statement | Reprinted edition. |
| 264 #1 - PUBLICATION, DISTRIBUTION, ETC. (IMPRINT) | |
| Place of publication, distribution, etc | Cambridge, United Kingdom : |
| Name of publisher, distributor, etc | Cambridge University Press, |
| Date of publication, distribution, etc | 2014. |
| 300 ## - PHYSICAL DESCRIPTION | |
| Extent | xvii, 564 pages : |
| Other physical details | illustrations ; |
| Dimensions | 26 cm |
| 336 ## - CONTENT TYPE | |
| Source | rdacontent |
| Content type term | text |
| Content type code | txt |
| 337 ## - MEDIA TYPE | |
| Media type term | unmediated |
| Source | rdamedia |
| Media type code | n |
| 338 ## - CARRIER TYPE | |
| Carrier type term | volume |
| Carrier type code | nc |
| Source | rdacarrier |
| 504 ## - BIBLIOGRAPHY, ETC. NOTE | |
| Bibliography, etc | Includes bibliographical references and index.<br/> |
| 505 8# - FORMATTED CONTENTS NOTE | |
| Formatted contents note | Machine generated contents note : Preface ; 1. Introduction ; 2. Theoretical foundations ; 3. Propagation and focusing of optical fields ; 4. Resolution and localization ; 5. Nanoscale optical microscopy ; 6. Near-field optical probes ; 7. Probe-sample distance control ; 8. Optical interactions ; 9. Quantum emitters ; 10. Dipole emission near planar interfaces ; 11. Photonic crystals, resonators, and cavity optomechanics ; 12. Surface plasmons ; 13. Optical antennas ; 14. Forces in confined fields ; 15. Fluctuation-induced interactions ; 16. Theoretical methods in nano-optics; Appendices; Index. |
| 520 ## - SUMMARY, ETC. | |
| Summary, etc | "First published in 2006, this book has become the standard reference on nano-optics. Now in its second edition, the text has been thoroughly updated to take into account new developments and research directions. While the overall structure and pedagogical style of the book remain unchanged, all existing chapters have been expanded and a new chapter has been added. Adopting a broad perspective, the authors provide a detailed overview of the theoretical and experimental concepts that are needed to understand and work in nano-optics, across subfields ranging from quantum optics to biophysics. New topics of discussion include: optical antennas ; new imaging techniques ; Fano interference and strong coupling ; reciprocity ; metamaterials ; and cavity optomechanics. With numerous end-of-chapter problem sets and illustrative material to expand on ideas discussed in the main text, this is an ideal textbook for graduate students entering the field. It is also a valuable reference for researchers and course teachers" |
| 520 ## - SUMMARY, ETC. | |
| Summary, etc | "The introduction of new concepts and applications. Applications of near-field optics soon covered a large span ranging from fundamental physics and materials science to biology and medicine. Following a logical development, the strong interest in near-field optics gave birth to the fields of singlemolecule spectroscopy and plasmonics, and inspired new theoretical work associated with the nature of optical near-fields. In parallel, relying on the momentum of the flowering nanosciences, researchers started to tailor nanomaterials with novel optical properties. Photoniccrystals, single-photon sources and optical microcavities are products of this effort" |
| 650 #7 - SUBJECT ADDED ENTRY--TOPICAL TERM | |
| Topical term or geographic name as entry element | Nanostructured materials. |
| Source of heading or term | BUEsh |
| 9 (RLIN) | 518 |
| 650 #7 - SUBJECT ADDED ENTRY--TOPICAL TERM | |
| Topical term or geographic name as entry element | Near-field microscopy. |
| Source of heading or term | BUEsh |
| 9 (RLIN) | 33144 |
| 650 #7 - SUBJECT ADDED ENTRY--TOPICAL TERM | |
| Topical term or geographic name as entry element | Quantum optics. |
| Source of heading or term | BUEsh |
| 9 (RLIN) | 11201 |
| 650 #7 - SUBJECT ADDED ENTRY--TOPICAL TERM | |
| Topical term or geographic name as entry element | Photonics. |
| Source of heading or term | BUEsh |
| 9 (RLIN) | 5752 |
| 650 #7 - SUBJECT ADDED ENTRY--TOPICAL TERM | |
| Topical term or geographic name as entry element | Nanophotonics. |
| Source of heading or term | BUEsh |
| 9 (RLIN) | 31405 |
| 653 ## - INDEX TERM--UNCONTROLLED | |
| Resource For college | Engineering, Electrical |
| Arrived date list | January2015 |
| 655 ## - INDEX TERM--GENRE/FORM | |
| Form subdivision | Reading book |
| 9 (RLIN) | 34232 |
| 700 1# - ADDED ENTRY--PERSONAL NAME | |
| Personal name | Hecht, Bert, |
| Dates associated with a name | 1968- |
| Relator term | author. |
| 9 (RLIN) | 37190 |
| 942 ## - ADDED ENTRY ELEMENTS (KOHA) | |
| Source of classification or shelving scheme | Dewey Decimal Classification |
| Koha item type | Book - Borrowing |
| Withdrawn status | Lost status | Source of classification or shelving scheme | Damaged status | Not for loan | Collection code | Home library | Current library | Shelving location | Date acquired | Source of acquisition | Cost, normal purchase price | Serial Enumeration / chronology | Total Checkouts | Total Renewals | Full call number | Barcode | Date last seen | Date checked out | Cost, replacement price | Price effective from | Koha item type |
|---|---|---|---|---|---|---|---|---|---|---|---|---|---|---|---|---|---|---|---|---|---|
| Dewey Decimal Classification | Baccah | Central Library | Central Library | First floor | 15/01/2015 | 522.00 | 21291 | 3 | 16 | 535.15 NOV | 000037311 | 15/07/2025 | 02/11/2017 | 653.00 | 15/01/2015 | Book - Borrowing |